000 00422cam a2200181ua 4500
020 _c6.80
041 _aeng
_h
082 _a828.08355
_bKIN/EO
100 _aKinglake, A W .
245 _aEothen /
_cA W Kinglake.
_hTextual Documents
250 _a1 /
_b.
260 _aLondon :
_bJ M Dent and Sons Ltd ,
_c1962.
300 _a242 ; .
365 _a6.80
504 _a
942 _cBK
999 _c11846
_d11846